00453cam a2200181ua 45000010005000000080039000050200018000440400009000620410008000710820008000791000025000872450068001122500009001802600032001893000014002216530014002356530022002497819141224n ii |||gr||||Z||||||eng a9788131761915 cMAIN aeng a001 aThorpe, S.,eEditor.1 aConcise general knowledge manual 2012cEdited by Showick Thorpe a1st. aNew Delhi:bPearson,c2012. avii,354p. aKnowledge aGeneral knowledge